| 000 | 00639nas a2200229 i 4500 | ||
|---|---|---|---|
| 001 | 2408 | ||
| 003 | ES-MaACL | ||
| 005 | 20250730025308.0 | ||
| 007 | t| | ||
| 008 | 950801d19141972gw | | 1 ||er d | ||
| 080 | _a437 | ||
| 245 | 0 | 0 | _aZentralblatt fur die gesamte Tuberkuloseforschung. |
| 260 |
_aBerlin : _bJulius Springer, _c1914-1972 ( _eLeipzig : _fSpamer) |
||
| 300 |
_a4 v. ; _c25 cm. |
||
| 310 | _aMensual | ||
| 362 | 0 | _aV. I (1914)-(1972) | |
| 650 | 1 | 4 |
_aPatologĂa. _915884 |
| 650 | 0 | 7 |
_aTuberculosis _2embne _917658 |
| 852 |
_aES-MaACL _jHEM-D-106 _xHem-1300 _d |
||
| 866 | 0 | _o1933(1934f.jul.). | |
| 999 |
_c2408 _d2408 |
||